Statistiques concernant Culture Générale - Série 2450

Cliquez ici pour prendre le quiz!

Statistiques générales

  • Ce quiz a été pris 140 fois
  • Le résultat moyen est 5 sur 10

Statistiques - réponses

QuestionRéponse% Correct
Quel animal est un husky ?chien
100%
Siège d'appoint à abattant (fixé dans un véhicule, une salle de spectacle…) - voir photostrapontin
71%
Quel est le prénom de l'acteur, réalisateur, humoriste, producteur, scénariste, compositeur, musicien et auteur français Astier ?Alexandre
63%
Qui était surnommé "Le fou chantant " ? prénom et nomCharles Trenet
63%
Quel animal est la sittelle ?oiseau
54%
Quel est le nom du physicien danois qui a donné son nom à une oscillation parasite se manifestant par un sifflement, qui prend naissance lorsque la sortie d'une chaîne électroacoustique, par exemple le haut-parleur, réagit sur son entrée, en général le microphone ?Larsen
47%
"Le lac" est un poème de Lamartine. A quel lac le poète fait-il allusion ?Bourget
27%
Religieux contemplatif qui se retire dans la solitude - synonyme d'ermite - 10 lettres commençant par " a "anachorète
20%
Ensemble de câbles porteurs et de fils conducteurs destinés à l’alimentation des moyens de transports électriques à captage du courant par dispositif aériencaténaire
14%
Sous quel nom connait-on mieux la graisse de laine ou cire de laine, - graisse obtenue par purification et raffinage du suint ?lanoline
2%

Distribution des résultats

Percentile par nombre de réponses

% des personnes avec chaque résultat

Votre développement - résultats

Vous n’avez pas pris ce quiz